000 01110nam a22002537a 4500
005 20220315153102.0
008 220315s2006 ck a|||gr|||| 00| 0 spa d
020 _a9789589769089
040 _aCO-BoUCM
_bspa
_cDeissy Garcia
_dDeissy Garcia
041 0 _aspa
111 1 _aCongreso Colombiano de Zoología
_cSanta Marta (Colombia)
_dnoviembre,2006
_gN° 2
_9173951
245 1 0 _aConocer, conservar y utilizar sosteniblemente la fauna de Colombia
_cedición M. Gonzalo Andrade C.; Jaime Aguirre C. ...[y otros 2.]
260 _aBogotá
_bPanamericana
_c2006
300 _a572 páginas
_bilustraciones
500 _alibro de resúmenes
504 _aIncluye referencias bibliográficas e índices
650 7 _aFauna colombiana
_xCongresos, conferencias, etc.
_9173952
650 7 _aAnimales
_xCongresos, conferencias, etc.
_zColombia
_9173953
650 7 _aZoología
_xCongresos, conferencias, etc.
_zColombia
_9173954
700 1 _aAndrade C., M. Gonzalo
_eeditor
_9167280
700 1 _aAguirre C., Jaime
_eeditor
_9173955
942 _2DEWEY
_cLIBRO
_a25
_e1
_h591
_mC749
_n0
999 _c320815
_d320815